000
00361nam a22001577a 4500
003
MPLRDC
005
20220104144513.0
008
210129b ||||| |||| 00| 0 eng d
082
_a
947.413 SCYLZ
100
_a
松川佑里子
245
_a
星空旋律
_c
260
_a
_b
东立
_c
300
_b
平
650
_a
少女漫画
942
_c
BK
_o
947.413 SCYLZ
999
_c
50252
_d
50242